| 000 | 00864nam a2200205Ia 4500 | ||
|---|---|---|---|
| 008 | 0000002003 sp a 0000000000spa00 | ||
| 090 | _aPSP00 P27g | ||
| 100 | 1 |
_aPérez Villalta, Guillermo _d1948 |
|
| 245 | 1 | 0 |
_aGuillermo Pérez Villalta 2000-2003 _c/ traducción Lorraine Kerslake ; fotografías Oronoz |
| 300 |
_a56 p. _c/ 27 cm. |
||
| 500 | _aExposición realizada en la Galería Soledad Lorenzo, Madrid, Enero 9 Febrero 18, 2003 \ Con el patronazgo del maestro venezolano Jesús Rafael Soto (q.e.p.d.) | ||
| 600 | 0 | 0 |
_a PEREZ VILLALTA, GUILLERMO, 1948/ _xTRABAJOS PICTORICOS |
| 650 | 1 | 4 | _a PINTURA ESPAÑOLA |
| 650 | 1 | 4 | _xCATALOGOS |
| 650 | 1 | 4 | _xEXPOSICIONES |
| 650 | 1 | 4 | _aPINTORES ESPAÑOLES |
| 650 | 1 | 4 | _aPINTURA MODERNA ESPAÑOLA |
| 700 | 1 | _aKerslake, Lorraine, tr. \ Oronoz | |
| 999 |
_c270 _d270 |
||
| 260 |
_aMadrid : Galería Soledad Lorenzo _c2003 |
||